[Event "Helsinki We Garde 9th Group B"]
[Site "Helsinki"]
[Date "2013.09.15"]
[Round "5"]
[White "Kumpulainen, Jari"]
[Black "Myllari, Nicholas"]
[Result "1-0"]
[WhiteElo "1972"]
[BlackElo "1555"]
[PlyCount "39"]
[EventDate "2013.09.13"]
[EventType "swiss"]
[EventRounds "5"]
[EventCountry "FIN"]
[SourceTitle "EXT 2022"]
[Source "ChessBase"]
[SourceDate "2021.10.06"]
[SourceVersion "1"]
[SourceVersionDate "2021.10.06"]
[SourceQuality "1"]

1. e4 e5 2. Bc4 Nc6 3. d3 Bc5 4. Nc3 Nf6 5. f4 d6 6. f5 g6 7. Bg5 Nd4 8. Nd5 Nxd5 9. Bxd8 Ne3 10. Qb1 Ndxc2+ 11. Ke2 Kxd8 12. Bb3 Nxa1 13. Qxa1 Nxg2 14. Nf3 f6 15. Qc1 Nf4+ 16. Kd2 Bb4+ 17. Ke3 gxf5 18. Rg1 Be6 19. Rg7 Bxb3 20. Qxc7+ 1-0